Quizzes
Events
Quiz Creation
Community
Videos
Private Events
Remove Ads
Sign In
Join for FREE
Feedback
Dark Mode
Quiz Categories
Sports
Geography
Music
Movies
Television
Just For Fun
Miscellaneous
History
Literature
Language
Science
Gaming
Entertainment
Religion
Holiday
For Kids
Quiz Lab
Recent
Popular Today
Quiz Kudos Today
Editor Picks
Curator Picks
Quizzes by...
Day
Popularity
Type
Ratings
Length
Year
Community
Subscriptions
Recent Discussions
Orange Saloon
Badges
Playlists
Quests
Create
Leaderboards
Showdown
Live 5
Trivia Bingo
Activity
Puzzle Library
Sporcle Events
Private Events
Virtual Trivia
Globe League
Become a Host
Pub Owners
SporcleCon
Opinionation
Our Games
Videos
Blog
Mobile Apps
Partnerships
Remove Ads and Go Orange
Feedback
Geography
Country
Landmarks
City
State
Population
World
Capital
Continent
Flags
Europe
Africa
Asia
South America
North America
Oceania
Border
Canada
United Kingdom
Topography
United States
Geography
Country
Landmarks
City
State
Population
World
Capital
Continent
Flags
Europe
Africa
Asia
South America
North America
Oceania
Border
Canada
United Kingdom
Topography
United States
Random Quiz
Search Sporcle
×
Quiz Lab
Quiz Lab
Geography
Country
Type in answers that appear in a list
Type in answers that appear in a list
Classic
Best Score? Go Orange.
Country Quiz: Sao Tome and Principe Stats
Can you name the facts about Sao Tome and Principe?
By
NvjdsIsSmart
10m
36 Questions
272 Plays
272 Plays
272 Plays
Comments
Comments
Give Quiz Kudos
Give Quiz Kudos
-
- Ratings
hide this ad
Replay
Link that replays current quiz
Next Quiz
Link to next quiz in quiz playlist
You Got
0%
They Got
Avg Score
55%
Avg Friend Score
Upgrade to see
Score Distribution
Jump to the score distribution portion of the page
Score
0/36
Timer
10:00
0
Plays Today
Question
Answer
% Correct
Flag Color
Red
94.8%
Flag Color
Green
94.8%
Capital City
Sao Tome
94.5%
Flag Color
Yellow
94.1%
Flag Color
Black
91.9%
Independence from
Portugal
86.7%
Official Language
Portuguese
85.2%
Island
Principe
84.5%
Drives on the...
right
84.5%
Lowest Point (0 m)
Atlantic Ocean
83%
Bordering Ocean
Atlantic Ocean
83%
Internet Country Code
.st
78.6%
Close Country
Gabon
78.2%
National Sport
Football (Soccer)
78.2%
Close Country
Cameroon
77.5%
Primary Continent
Africa
77.5%
Close Country
Equatorial Guinea
77.1%
Largest Religion
Christianity
74.2%
Question
Answer
% Correct
Close Country
Nigeria
71.6%
# of Provinces
2
62%
Official Name
Democratic Republic of Sao Tome and Principe
36.2%
Currency
Dobra
26.6%
Main Island
Sao Tome Island
25.1%
Capital of Principe
Santo Antonio
24%
Independence Day
July 12th 1975
23.2%
Nationality (demonym)
Santomean
22.1%
Recognized Language
Angolar
20.3%
Recognized Language
Forro
19.9%
Third Largest City
Neves
19.2%
Recognized Language
Principense
18.8%
Highest Point (2024 m)
Pico de Sao Tome
18.5%
Prime Minister
Patrice Trovoada
17.7%
Anthem
Independencia Total
17%
Calling Code
239
16.6%
President
Fradique de Menezes
15.5%
Second Largest City
Santa Cruz
13.7%
Quiz Playlist
Details
Report
Send in Message
Add To Playlist
Classic:
Type in answers that appear in a list
Last Updated: Feb 16, 2017
Quiz Scoreboard
CHALLENGE
Sign Up to Join the Scoreboard
Show All
Scores
Hide
Comments
May contain spoilers
Recently Published
Movies - When Are They Set?
by FPL_Elf
Movies
5m
Popular People in 1961
by mucciniale
History
6m
1-10 Letter E Words III
by El_Dandy
Language
2m
More to Explore
Quiz From the Vault
Featured Blog Post
Where Did the Easter Bunny Come From?
hide this ad
You Might Also Like...
Tags
Country Quiz
São
Sao Tome and Principe
Today's Top Quizzes in Geography
Browse Geography
hide this ad
Today's Top Quizzes in Country
Browse Country
Top Contributed Quizzes in Geography
1
Countries of the World - No Outlines Minefield
2
Top 25 Cities of France on a map
3
Closest Countries to UK A-Z
4
One Thing in Common: United Kingdom
5
Blind Secret Country CLXXXVIII
6
Blind Ultimate Minefield: USA
7
African Flag Reveal XLV
8
Find the US States - No Outlines
9
One Thing in Common: Asia
10
Find the Provinces of Canada - No Outlines Minefield
Explore More
Trending Topics
NBA
Kpop
Harry Potter
Marvel
Disney
Crossword
Anime
The Office
Pokémon
Country
Puzzle
Soccer
WWE
Song
NFL
hide this ad
More By:
NvjdsIsSmart
Quiz
Plays
Rating
Category
Featured
Created
Most Populous States Minefield
658,378
4.26
Geography
Jul 1, 2011
Country by Continent/Beginning Letter
277,701
4.74
Geography
Feb 23, 2011
24 Largest Countries Alphabetically
241,919
3.14
Geography
Aug 19, 2011
Most Populous Country A-Z Minefield
146,606
3.80
Geography
Aug 17, 2011
Least Populous States Minefield
115,621
4.33
Geography
Jul 7, 2011
Go to Creator's Profile
Score Distribution
Quiz Creator Spotlight
NvjdsIsSmart
Follow
Send a Message
Quizzes Created
-
Created Quiz Play Count
-
More By This Creator
Popular Quizzes Today
1
Find the Countries of Europe - No Outlines Minefield
2
Find the US States - No Outlines Minefield
3
The Countries of the World
4
Popular People in 1961
5
US States
6
1-10 Letter E Words III
7
Find the US States
8
One Thing in Common: World Cities II
More Geography Quizzes
Flag Color Click - Republic of the Congo
Quiz Lab
Trending Quizzes
Risky Map Clicking: Least Populous States A-Z
1-10 Letter F Words
1-10 Letter G Words
One Thing in Common: United Kingdom
Risky Map Clicking: Next State Alphabetically
Recently Updated
Leaping Animals
pecheneg
Reality TV Shows (A-Z)
bhenderson79
Rickey Henderson's Hall of Fame Teammates
pecheneg
Champions League XIs: Arsenal
pecheneg
Quick Pick: Celebrities in WWE's Hall of Fame
aduchscher
A-Z Keypad Blitz II
pecheneg
Multiple Oscar Actors
pecheneg
Mystery Phrase Blitz: Oscar 'Best Actors'
pecheneg
F. Scott Fitzgerald Novels
LTH
Pick 3 Villains
ddd62291
Trending Topics
Disney
Marvel
Harry Potter
Crossword
NBA
Kpop
Anime
NFL
Song
WWE
Soccer
Pokémon
Puzzle
Country
The Office
Your Account Isn't Verified!
In order to create a playlist on Sporcle, you need to verify the email address you used during registration. Go to your
Sporcle Settings
to finish the process.
Report this User
Report this user for behavior that violates our
Community Guidelines
.
Details:
Send Report
Go to the Sporcle.com Mobile Site →
Comments